The song celestial Shrimad Bhagavad/ (Record no. 79049)

MARC details
000 -LEADER
fixed length control field 00667nam a22002177a 4500
005 - DATE AND TIME OF LATEST TRANSACTION
control field 20130903173648.0
008 - FIXED-LENGTH DATA ELEMENTS--GENERAL INFORMATION
fixed length control field 130903b xxu||||| |||| 00| 0 eng d
010 ## - LCCN (DPL NO)
LC control number G-002193
020 ## - INTERNATIONAL STANDARD BOOK NUMBER
Terms of availability 100.00 (approx)
035 ## - SYSTEM CONTROL NUMBER
System control number G-002193
037 ## - SOURCE OF ACQUISITION
Source of stock number/acquisition Gift
040 ## - CATALOGING SOURCE
Original cataloging agency dpl
Language of cataloging en
082 ## - DEWEY DECIMAL CLASSIFICATION NUMBER
Classification number 181.45
100 ## - MAIN ENTRY--PERSONAL NAME
Personal name Arnold, Edwin
245 ## - TITLE STATEMENT
Title The song celestial Shrimad Bhagavad/
Statement of responsibility, etc translated from the sanskrit text by edwin Arnold
260 ## - PUBLICATION, DISTRIBUTION, ETC. (IMPRINT)
Place of publication, distribution, etc New Delhi
Name of publisher, distributor, etc Interprint
Date of publication, distribution, etc 1978
300 ## - PHYSICAL DESCRIPTION
Extent 151p
Dimensions 24cm(hb)
500 ## - GENERAL NOTE
General note This book is donated by Mrs Shailaja Chandra, Ex-Chairperson, D.L.B.<br/>
942 ## - ADDED ENTRY ELEMENTS (KOHA)
Source of classification or shelving scheme Dewey Decimal Classification
Item type English Books
Classification part 181.45
Call number suffix ARN
Holdings
Withdrawn status Lost status Source of classification or shelving scheme Damaged status Not for loan Collection code Home library Current library Date acquired Source of acquisition Cost, normal purchase price Total Checkouts Full call number Barcode Date last seen Copy number Cost, replacement price Koha item type
    Dewey Decimal Classification     Non-fiction Sarojini Nagar Sarojini Nagar 03/09/2013 Gift 100.00   181.45 ARN G-002193 03/09/2013 1 100.00 English Books

© Delhi Public Library
Hit Counter
free hit counter